Desarrolle una gran voz : (Registro nro. 12178)
[ vista simple ]
| 000 -CABECERA | |
|---|---|
| Longitud fija campo de control | 01289nam a2200301Ia 4500 |
| 001 - NÚMERO DE CONTROL | |
| Número de control | 433284 |
| 003 - IDENTIFICADOR DEL NÚMERO DE CONTROL | |
| Identificador del número de control | EC-QuCCB |
| 005 - FECHA Y HORA DE LA ÚLTIMA TRANSACCIÓN | |
| Fecha y hora de la última transacción | 20251211143144.0 |
| 007 - CAMPO FIJO DE DESCRIPCIÓN FÍSICA--INFORMACIÓN GENERAL | |
| Campo fijo de descripción física | ta |
| 008 - DATOS DE LONGITUD FIJA--INFORMACIÓN GENERAL | |
| Códigos de información de longitud fija | 130917s2011 ec ag gr 001 0dspa d |
| 020 ## - NÚMERO INTERNACIONAL ESTÁNDAR DEL LIBRO | |
| Número Internacional Normalizado para Libros (ISBN) | 978-9978-87-424-0 |
| 040 ## - FUENTE DE LA CATALOGACIÓN | |
| Centro catalogador de origen | EC-QuCCB |
| 041 0# - CÓDIGO DE LENGUA | |
| Código de lengua del texto;banda sonora o título independiente | spa |
| 082 0# - NÚMERO DE LA CLASIFICACIÓN DECIMAL DEWEY | |
| Número de clasificación | 783 |
| Número de documento | D5791 |
| 084 ## - OTRO NÚMERO DE CLASIFICACIÓN | |
| Número de clasificación | FER2Lb004900 |
| 100 1# - ENTRADA PRINCIPAL--NOMBRE DE PERSONA | |
| Nombre de persona | Dillon, Frank, |
| 9 (RLIN) | 35083 |
| 245 10 - MENCIÓN DE TÍTULO | |
| Título | Desarrolle una gran voz : |
| Parte restante del título | técnica de canto |
| Mención de responsabilidad, etc. | Frank Dillon |
| 260 ## - PUBLICACIÓN, DISTRIBUCIÓN, ETC. (PIE DE IMPRENTA) | |
| Lugar de publicación, distribución, etc. | Quito, Ecuador : |
| Nombre del editor, distribuidor, etc. | Editorial El Conejo, |
| Fecha de publicación, distribución, etc. | 2011 |
| 300 ## - DESCRIPCIÓN FÍSICA | |
| Extensión | 110 páginas : |
| Otros detalles físicos | ilustraciones ; |
| Dimensiones | 21 cm |
| 336 ## - TIPO DE CONTENIDO | |
| Content type term | texto |
| Content type code | txt |
| 337 ## - TIPO DE MEDIO | |
| Media type term | no mediado |
| Media type code | n |
| 338 ## - TIPO DE PORTADOR | |
| Carrier type term | volumen |
| Carrier type code | nc |
| 500 ## - NOTA GENERAL | |
| Nota general | Texto con partituras |
| 505 1# - NOTA DE CONTENIDO CON FORMATO | |
| Nota de contenido con formato preestablecido | Aparato de fonación -- El canto -- La voz -- La afinación -- la voluntad -- El canto natural -- La música -- Clasificación de las voces -- Amplitud de registro -- Desarrollo de la técnica -- Las cuerdas vocales y sus cuidados -- La respiración -- La impostación -- Voz paralela -- Voz divergente -- Voz convergente -- Registro vs volumen -- Columna de aire y de sonido -- Dosificación de las escalas -- El timbre, la técnica y la pasión -- Ejercicios de canto ... |
| 590 0# - NOTA LOCAL (RLIN) | |
| Nota local | pgc |
| 650 #0 - PUNTO DE ACCESO ADICIONAL DE MATERIA--TÉRMINO DE MATERIA | |
| Nombre de materia o nombre geográfico como elemento de entrada | Canto |
| Subdivisión de materia general | Estudio y ejercicios |
| 9 (RLIN) | 19470 |
| Subdivisión de forma | Estudios y ejercicios |
| 942 ## - ELEMENTOS DE PUNTO DE ACCESO ADICIONAL (KOHA) | |
| Fuente de clasificaión o esquema | Número de Clasificación Local |
| Koha [por defecto] tipo de item | Monografía |
| Suprimido | Perdido | Fuente de clasificación o esquema | Estropeado | Restricciones de uso | No se presta | Koha Colección | Localización (Biblioteca) | Localización actual | Localización en estanterías | Fecha adquisición | Fuente de adquisición | Préstamos totales | Clasificación completa | Fecha última consulta | Número de ejemplar | Fecha del precio de reemplazo | Tipo de item de Koha |
|---|---|---|---|---|---|---|---|---|---|---|---|---|---|---|---|---|---|
| Disponible | Número de Clasificación Local | Sin daños | Sin restricciones de uso | Disponible para préstamo | ARTE | Biblioteca y Archivo de la CCE | Biblioteca y Archivo de la CCE | ARTE | 01/02/2023 | Donación Radio La Rumbera | FER2Lb004900 | 01/02/2023 | Ej. 1 | 01/02/2023 | Monografía |























